More people in Scotland expect house prices to rise than fall in 2012 (Record no. 83752)

MARC details
000 -LEADER
fixed length control field 00893cad a22002055a 4500
001 - CONTROL NUMBER
control field E154937
008 - FIXED-LENGTH DATA ELEMENTS--GENERAL INFORMATION
fixed length control field 120206e20120204xxk 000 0 eng u
035 ## - SYSTEM CONTROL NUMBER
System control number (Sirsi) u154937
041 0# - LANGUAGE CODE
Language code of text/sound track or separate title eng
110 2# - MAIN ENTRY--CORPORATE NAME
Corporate name or jurisdiction name as entry element Bank of Scotland
9 (RLIN) 5792
245 00 - TITLE STATEMENT
Title More people in Scotland expect house prices to rise than fall in 2012
Medium [electronic resource]
260 ## - PUBLICATION, DISTRIBUTION, ETC.
Date of publication, distribution, etc. 2012
490 ## - SERIES STATEMENT
Series statement Bank of Scotland Press Release
Volume/sequential designation 4 February 2012
520 ## - SUMMARY, ETC.
Summary, etc. The Bank of Scotland Housing Market Confidence tracker suggests that 28% of those surveyed think that house prices will rise in Scotland in the next year, compared to 24% who think prices will fall.
590 ## - LOCAL NOTE (RLIN)
Local note KA
651 #4 - SUBJECT ADDED ENTRY--GEOGRAPHIC NAME
Geographic name Scotland
Chronological subdivision 1999-
690 ## - LOCAL SUBJECT ADDED ENTRY--TOPICAL TERM (OCLC, RLIN)
Topical term or geographic name as entry element Residential property
9 (RLIN) 6266
856 40 - ELECTRONIC LOCATION AND ACCESS
Uniform Resource Identifier <a href="https://www.lloydsbankinggroup.com/media/pdfs/bos/2012/0402_rise.pdf">https://www.lloydsbankinggroup.com/media/pdfs/bos/2012/0402_rise.pdf</a>
Public note View the news release free of charge at www.lloydsbankinggroup.com
942 ## - ADDED ENTRY ELEMENTS (KOHA)
Suppress in OPAC 0
Holdings
Withdrawn status Lost status Source of classification or shelving scheme Damaged status Not for loan Home library Current library Shelving location Date acquired Total Checkouts Full call number Barcode Date last seen Copy number Price effective from Koha item type
    Dewey Decimal Classification     Virtual Virtual Online 06/02/2012   ONLINE PUBLICATION 154937-2001 06/08/2019 1 06/08/2019 Journal article